000 01002nam a2200301 i 4500
003 EG-GICUC
005 20260305212104.0
008 260305r1979 nyua|||f |||| 00| 0 eng d
040 _aEG-GiCUC
_beng
_cEG-GiCUC
_dEG-GiCUC
_erda
041 0 _aeng
082 0 4 _221
_a341.48
_bC A . S
092 0 4 _221
_a341.48
099 _aLaw1 11 341.48 C A . S 1979
100 1 _aCapotorti, Francesco
_eAuthor.
245 _aStudy on the rights of persons belonging to ethnic, religious, and linguistic minorities /
_cby Francesco Capotorti.
264 _aNew York :
_bUnited Nations,
_c1979.
300 _a115 pages :
_billustrations,
_c24 cm
336 _2rda content
_atext
337 _2rda media
_aComputer
338 _2rda carrier
_aOnline Resource
504 _aBibliography: pages 200-250.
650 1 _aHuman rights
_2qrmak
650 1 _aMinorities--Legal status
651 1 _2qrmak
856 4 0 _uhttps://fll.law.cu.edu.eg/fulltext/bks/B11-05525.pdf
905 _a15
942 _2ddc
_cBK
_e21
_n0
999 _c65090
_d65090